[Event "BCF-chT4 2223 (4NCL)"]
[Site "England"]
[Date "2023.04.30"]
[Round "10.86"]
[White "Lee, Xander"]
[Black "Bendall, Kevin N"]
[Result "1/2-1/2"]
[WhiteElo "1439"]
[BlackElo "1634"]
[PlyCount "102"]
[EventDate "2022.11.05"]
[EventType "team-swiss"]
[EventRounds "11"]
[EventCountry "ENG"]
[SourceTitle "EXT 2024"]
[Source "ChessBase"]
[SourceDate "2023.10.10"]
[SourceVersion "1"]
[SourceVersionDate "2023.10.10"]
[SourceQuality "1"]
[WhiteTeam "Barnet Knights III"]
[BlackTeam "Wotton Hall"]
[WhiteTeamCountry "ENG"]
[BlackTeamCountry "ENG"]

1. e4 c5 2. Nc3 d6 3. g3 Nc6 4. Bg2 Nf6 5. d3 g6 6. Be3 Bg7 7. Qd2 0-0 8. Bh6 e5 9. Bxg7 Kxg7 10. Nge2 a6 11. 0-0 b5 12. f4 b4 13. fxe5 Nxe5 14. Nd5 Nxd5 15. exd5 Qe7 16. d4 Nc4 17. Qd3 Qe3+ 18. Qxe3 Nxe3 19. Rf4 Nxg2 20. Kxg2 Re8 21. Re1 Bb7 22. a3 Bxd5+ 23. Kf2 a5 24. dxc5 dxc5 25. c3 bxa3 26. bxa3 c4 27. Rb1 Rab8 28. Rxb8 Rxb8 29. Rd4 Be6 30. Nf4 Rb3 31. Nxe6+ fxe6 32. Rxc4 Rxa3 33. Ke3 Kf6 34. Rc5 a4 35. Kf4 Ra1 36. Ra5 a3 37. c4 a2 38. Kg4 Rc1 39. Rxa2 Rxc4+ 40. Kf3 e5 41. Re2 h5 42. h3 g5 43. g4 Rf4+ 44. Kg3 h4+ 45. Kg2 e4 46. Ra2 e3 47. Ra6+ Ke5 48. Ra5+ Kd6 49. Ra6+ Ke5 50. Ra5+ Kd6 51. Ra6+ Ke5 1/2-1/2